Normal view
MARC view
- Khan,Isra
Entry Personal Name
001 - CONTROL NUMBER
- control field: 5151
003 - CONTROL NUMBER IDENTIFIER
- control field: NUST
005 - DATE AND TIME OF LATEST TRANSACTION
- control field: 20171002165602.0
008 - FIXED-LENGTH DATA ELEMENTS
- fixed length control field: 171002|| aca||aabn | a|a d
040 ## - CATALOGING SOURCE
- Original cataloging agency: NUST
- Transcribing agency: NUST
100 ## - HEADING--PERSONAL NAME
- Personal name: Khan,Isra
670 ## - SOURCE DATA FOUND
- Source citation: Work cat.: (NUST): Khan,Isra, Testing stationarity of consumption-income ratios with nonlinearities and asymmetrles: evidence from emerging economies , 2015
